000 00471nam a2200181Ia 4500
001 20270
005 20260306172754.0
008 260306t1999||||xx |||||||||||||| ||spa||
041 _aESP
082 _a346.1
_bT884 V. 1 - 2
100 _aTuhr, Andreas von,
_eAUT
245 0 _aDerecho civil :
_bteoría general del derecho civil alemán
260 _c1999
300 _avarias paginaciones :
_c24 cm.
650 _aGEN
654 _aCDE
942 _cLIB
_dJUS
_fJUS
_2ddc
_n
999 _c20270
_d20270